Brawl Stars: 8-Bit Skins by Picture - Statistics

General Stats
  • This quiz has been taken 149 times
    36 since last reset
  • The average score is 5 of 10
Answer Stats
Picture Answer % Correct
AntiVirus 8-Bit
83%
Piano 8-Bit
74%
8-Bit Classic
70%
True Gold 8-Bit
65%
True Silver 8-Bit
61%
Haunted House 8-Bit
52%
Virus 8-Bit
48%
Saloon 8-Bit
39%
V8-Bit
30%
Canopic Jar 8-Bit
17%
No matching quizzes found
Score Distribution
Percent of People with Each Score
Percentile by Number Answered
Your Score History
You have not taken this quiz since the last reset